Montesquieu: Pioneer of the sociology of knowledge (Record no. 1353229)

MARC details
000 -LEADER
fixed length control field 00511nam a2200181Ia 4500
005 - DATE AND TIME OF LATEST TRANSACTION
control field 20250508154956.0
008 - FIXED-LENGTH DATA ELEMENTS--GENERAL INFORMATION
fixed length control field 008 250505s9999 xx 000 0 eng d
037 ## - SOURCE OF ACQUISITION
Stock number Textual
040 ## - CATALOGING SOURCE
Original cataloging agency FEDL
Language of cataloging eng
Transcribing agency FEDL
041 ## - LANGUAGE CODE
Language code of text/sound track or separate title eng
Source of code eng
084 ## - COLON CLASSIFICATION NUMBER
Classification number B, MON
Assigning agency FEDL
100 ## - MAIN ENTRY--PERSONAL NAME
Personal name Stark W
9 (RLIN) 77785
245 #0 - TITLE STATEMENT
Title Montesquieu: Pioneer of the sociology of knowledge
260 ## - PUBLICATION, DISTRIBUTION, ETC.
Place of publication, distribution, etc. London, UK
Name of publisher, distributor, etc. Routledge and Kegan Paul Ltd
Date of publication, distribution, etc. 1960
300 ## - PHYSICAL DESCRIPTION
Extent xii,214p.
942 ## - ADDED ENTRY ELEMENTS (KOHA)
Koha item type Textual
Classification part B, MON
Holdings
Withdrawn status Lost status Damaged status Not for loan Home library Current library Date acquired Total Checkouts Full call number Barcode Date last seen Price effective from Koha item type
        Department of Education Library Department of Education Library 2025-05-08   B, MON EL0037739 2025-05-08 2025-05-08 Textual
Copyright @ Delhi University Library System